Štruktúra prehľadu peňažných tokov vo vybranom podniku bakalárska práca

Gespeichert in:
Bibliographische Detailangaben
1. Verfasser: Karafová, Lea
Körperschaft: Podnikovohospodárska fakulta EU so sídlom v Košiciach. Katedra finančného riadenia podniku
Weitere Verfasser: Lajoš, Branislav
Format: Buch
Sprache:Slowakisch
Veröffentlicht: Košice 2015
Tags: Tag hinzufügen
Keine Tags, Fügen Sie das erste Tag hinzu!

MARC

LEADER 00000nbm a2200000 4500
001 0206359
005 20161212094610.5
041 0 |a slo 
044 |a SK 
245 1 0 |a Štruktúra prehľadu peňažných tokov vo vybranom podniku  |b bakalárska práca  |c Lea Karafová ; školiteľ: Branislav Lajoš 
264 1 |a Košice  |c 2015 
300 |a 42 s. 
100 1 |a Karafová, Lea 
700 1 |a Lajoš, Branislav 
710 2 |a Podnikovohospodárska fakulta EU so sídlom v Košiciach. Katedra finančného riadenia podniku